Pastores al estilo de Jesús

Gardado en:
Detalles Bibliográficos
Autor Principal: Precht Bañados, Cristián (Author)
Formato: Libro
Idioma:Lingua castelá
Publicado: Santiago Tiberíades 1998
Edición:1a. ed
Subjects:
Tags: Engadir etiqueta
Sen Etiquetas, Sexa o primeiro en etiquetar este rexistro!

MARC

LEADER 00000cam a2200000 a 4500
001 UCC6400
003 CL-VaPUC
008 181207e19980000cl |||||||||||||||||spa|d
020 |a 956748855X 
082 0 4 |a 253.7  |b PRE  |2 21 
100 0 |a Precht Bañados, Cristián  |e author  |9 600832 
245 1 0 |a Pastores al estilo de Jesús 
250 |a 1a. ed 
300 |a 265 p 
942 |c BK 
945 |d 20181207 13:37:00  |a dcastane 
260 |a Santiago  |b Tiberíades  |c 1998 
650 7 |a EVANGELIZACION  |2 CL-VaPUC  |9 600833 
650 7 |a PASTORAL  |2 CL-VaPUC  |9 397996 
583 |a last modification  |c 20181207 13:37:00  |k Rodrigo Vera 
999 |c 373348  |d 373346 
952 |0 0  |1 0  |3 erb  |4 0  |6 253_700000000000000_PRE_1998  |7 0  |8 A  |9 491418  |a BIBTEO  |b BIBTEO  |e Precht Pizarro, Jorge Enrique  |i 5520266  |o 253.7 PRE 1998  |p 5520266  |r 2025-01-17  |w 2019-11-24  |y BK  |z Catalogado en:20181207  |k ICR